FUNDAMENTALS OF ECONOMICS / (Record no. 16365)

000 -LEADER
fixed length control field 00657cam a22002057i 4500
020 ## - INTERNATIONAL STANDARD BOOK NUMBER
ISBN 9781133956105
020 ## - INTERNATIONAL STANDARD BOOK NUMBER
ISBN 1133956106
040 ## - CATALOGING SOURCE
Transcribing agency DLC
082 ## - DEWEY DECIMAL CLASSIFICATION NUMBER
Classification number 330 MOR 1961 A089 Or.
100 1# - MAIN ENTRY--AUTHOR NAME
Personal name Boyes, William J.
245 10 - TITLE STATEMENT
Title FUNDAMENTALS OF ECONOMICS /
250 ## - EDITION STATEMENT
Edition statement SIXTH EDITION.
300 ## - PHYSICAL DESCRIPTION
Number of Pages xxi, 440 pages :
Other physical details illustrations ;
Dimensions 28 cm
500 ## - GENERAL NOTE
General note Includes index.
650 #0 - SUBJECT ADDED ENTRY--TOPICAL TERM
Topical Term Economics.
856 42 - ELECTRONIC LOCATION AND ACCESS
Uniform Resource Identifier https://www.loc.gov/catdir/enhancements/fy1609/2012952326-b.html
856 42 - ELECTRONIC LOCATION AND ACCESS
Uniform Resource Identifier https://www.loc.gov/catdir/enhancements/fy1609/2012952326-d.html
856 41 - ELECTRONIC LOCATION AND ACCESS
Uniform Resource Identifier https://www.loc.gov/catdir/enhancements/fy1609/2012952326-t.html
942 ## - ADDED ENTRY ELEMENTS (KOHA)
Koha item type សៀវភៅភាសាអង់គ្លេស
952 ## - LOCATION AND ITEM INFORMATION (KOHA)
Withdrawn status [LOCAL, KOHA] 0
Holdings
Permanent Location Date acquired Koha item type Lost status Shelving location Barcode Current Location Full call number
Library Block A2018-02-13សៀវភៅភាសាអង់គ្លេស A089A26602Library Block A330 MOR 1961 A089 Or.
មជ្ឈមណ្ឌលឯការនៃសាកលវិទ្យាល័យភូមិន្ទកសិកម្មចំការដូង

Powered by Koha